Statistics for FaZe People

Click here to take the quiz!

General Stats

  • This quiz has been taken 343 times
  • The average score is 5 of 11

Answer Stats

HintAnswer% Correct
WeatherRain
90%
Can AdjustAdapt
83%
Overlord Pac-AlienApex
79%
MatRug
71%
PokemonBlaziken
66%
Dora's FriendTeeqo
51%
------- and KissesHugZ
42%
Not RealFakie
37%
NameCaarl
8%
Ghost Campaign CharachterAjax
6%
Canadian AnimalLynkzy
2%

Score Distribution

Percentile by Number Answered

Percent of People with Each Score

Your Score History

You have not taken this quiz